| 000 | 01563cam a2200385 a 4500 | ||
|---|---|---|---|
| 999 |
_c532592 _d532592 |
||
| 001 | 14588231 | ||
| 003 | MSOHAIL | ||
| 005 | 20191126111519.0 | ||
| 008 | 061010s2007 enka b 001 0 eng | ||
| 010 | _a 2006033665 | ||
| 020 | _a9781905209354 | ||
| 020 | _a1905209355 | ||
| 035 | _a(OCoLC)ocm72799248 | ||
| 035 | _a(OCoLC)72799248 | ||
| 038 | _aMSOHAIL | ||
| 040 |
_aDLC _cDLC _dYDX _dBAKER _dBTCTA _dYDXCP _dDLC |
||
| 041 | 1 |
_aeng _hfre |
|
| 050 | 0 | 0 |
_aTJ220 _b.A5313 2007 |
| 082 | 0 | 0 |
_a629.8/32 _222 |
| 240 | 1 | 0 |
_aAnalyse des systemes lineaires/Commande des systemes lineaires. _leng |
| 245 | 0 | 0 |
_aAnalysis and control of linear systems / _cedited by Philippe de Larminat. |
| 260 |
_aLondon ; _aNewport Beach, CA : _bISTE, _c2007. |
||
| 300 |
_axvi, 543 p. : _bill. ; _c25 cm. |
||
| 490 | 0 | _aControl systems, robotics and manufacturing series | |
| 504 | _aIncludes bibliographical references and index. | ||
| 650 | 0 |
_aLinear control systems. _926206 |
|
| 650 | 0 |
_aAutomatic control. _926207 |
|
| 700 | 1 |
_aLarminat, Philippe de. _926208 |
|
| 856 | 4 | 1 |
_3Table of contents only _uhttp://www.loc.gov/catdir/toc/ecip072/2006033665.html |
| 856 | 4 | 2 |
_3Contributor biographical information _uhttp://www.loc.gov/catdir/enhancements/fy0703/2006033665-b.html |
| 856 | 4 | 2 |
_3Publisher description _uhttp://www.loc.gov/catdir/enhancements/fy0703/2006033665-d.html |
| 906 |
_a7 _bcbc _corignew _d1 _eecip _f20 _gy-gencatlg |
||
| 942 |
_2ddc _cBK |
||